| 000 | 00767nam a22002657a 4500 | ||
|---|---|---|---|
| 001 | 9052 | ||
| 003 | FISKH | ||
| 005 | 20251118100127.0 | ||
| 008 | 251118b cb ||||| |||| 00| 0 eng d | ||
| 020 | _a9780736817097 | ||
| 040 |
_aFISKH _beng _cFISKH _dFISKH |
||
| 050 | _aGB662.T7818 | ||
| 082 | _a551.57 | ||
| 100 | _aTrumbauer, Lisa | ||
| 245 |
_aScience: _bWater / _cby Lisa Trumbauer |
||
| 260 |
_aMinnesota : _bCapstone, _c2003. |
||
| 300 |
_a8 pages : _bcolor illustrations ; _c20 cm |
||
| 505 | _aaa | ||
| 520 | _a"Simple text and photos present the different forms water can take"--Provided by publisher. | ||
| 521 | 8 |
_a10
_bLexile estimate |
|
| 521 | 8 |
_aaa
_bRaz-Plus |
|
| 650 |
_aScience _vWeather |
||
| 942 |
_2ddc _cBK _n0 |
||
| 999 |
_c9052 _d9052 |
||